A history of the English church and people /

Bibliographic Details
Main Author: Bede, the Venerable, Saint, 673-735
Other Authors: Sherley-Price, Leo
Format: Book
Language:English
Published: [Harmondsworth, Middlesex] : Penguin Books, 1955.
Series:Penguin classics ; L42.
Subjects:

MARC

Tag First Indicator Second Indicator Subfields
LEADER 00000cam a2200000 a 4500
001 in00001323713
005 20151005072215.0
008 770117s1955 enkb b 000 0 eng
010 |a  56000289  
019 |a 00382852 
035 |a (OCoLC)02683665 
035 |9 AHC5765AM 
040 |a DLC  |c TXE  |d OCL  |d WSU  |d PIT  |d TXA  |d UtOrBLW 
041 1 |a eng  |h lat 
049 |a TXAM 
050 0 0 |a BR746  |b .B5 1955 
100 0 |a Bede,  |c the Venerable, Saint,  |d 673-735. 
240 1 0 |a Historia ecclesiastica gentis Anglorum.  |l English 
245 1 2 |a A history of the English church and people /  |c Bede; translated and with an introduction by Leo Sherley-Price. 
264 1 |a [Harmondsworth, Middlesex] :  |b Penguin Books,  |c 1955. 
300 |a 340 pages, 1 unnumbered page :  |b map ;  |c 18 cm. 
336 |a text  |b txt  |2 rdacontent 
337 |a unmediated  |b n  |2 rdamedia 
338 |a volume  |b nc  |2 rdacarrier 
490 1 |a Penguin classics ;  |v L42 
504 |a Includes bibliographical references (pages 333-[341]). 
536 |a Donated through the generosity of Professor Frank Friedeberg Seeley, June 1996. 
651 0 |a England  |x Church history  |y 449-1066. 
740 0 |a English church and people. 
700 1 |a Sherley-Price, Leo. 
830 0 |a Penguin classics ;  |v L42. 
999 |a MARS 
999 f f |s 56a94588-5bab-39c6-87a6-93c4955386ae  |i 12065cc7-b0f6-3022-9517-a89b82b1435a  |t 0 
952 f f |p ric  |a Texas A&M University  |b Rellis Campus  |c Joint Library Facility  |d Remote Storage  |t 0  |e BR746 .B5 1955  |h Library of Congress classification  |i unmediated -- volume  |m A14820403788 
998 f f |a BR746 .B5 1955  |t 0  |l Remote Storage